IFM Opac

Red Star over China (Record no. 16822)

MARC details
000 -LEADER
fixed length control field 00309nam a22001217a 4500
082 ## - DEWEY DECIMAL CLASSIFICATION NUMBER
Classification number 951 SNO
100 ## - MAIN ENTRY--PERSONAL NAME
Personal name SNOW, Edger
245 ## - TITLE STATEMENT
Title Red Star over China
260 ## - PUBLICATION, DISTRIBUTION, ETC.
Place of publication, distribution, etc. Middlesex
Name of publisher, distributor, etc. Penguin Books
Date of publication, distribution, etc. 1975
300 ## - PHYSICAL DESCRIPTION
Extent 621 p.
Other physical details ill.; 20 cm.
500 ## - GENERAL NOTE
General note Includes photos, maps, bibliography and index
942 ## - ADDED ENTRY ELEMENTS (KOHA)
Koha item type Books
Holdings
Withdrawn status Lost status Source of classification or shelving scheme Damaged status Not for loan Home library Current library Shelving location Date acquired Full call number Barcode Date last seen Price effective from Koha item type
    Dewey Decimal Classification     IFM Main Campus Library IFM Main Campus Library   10/05/2016 951 SNO 0000006228 10/05/2016 10/05/2016 Books